000 00283nam a22001217a 4500
008 170622b xxu||||| |||| 00| 0 eng d
041 _aeng
080 _a32
100 _a21
101 _aSHP
245 _aGREAT EQUAL A SOCIAL AND POLITICAL HISTORY
_cJONES.J
942 _2udc
_cBK
999 _c18698
_d18698